书目信息 |
| 题名: |
Lotus Domino 6系统管理 下
|
|
| 作者: | 陈山 编著 | |
| 分册: | 下 | |
| 出版信息: | 北京 中国水利水电出版社 2004.01 |
|
| 页数: | 415页 | |
| 开本: | 26cm | |
| 丛书名: | 万水Lotus Notes/Domino应用与开发丛书 | |
| 单 册: | ||
| 中图分类: | TP368.5 , TP311.1 | |
| 科图分类: | ||
| 主题词: | 网络服务器--基本知识 , 软件 | |
| 电子资源: | ||
| ISBN: | 7-5084-1769-0 | |
| 000 | 01044nam2 2200301 450 | |
| 001 | 012003911564 | |
| 005 | 20050113144312.55 | |
| 009 | 012003911564 | |
| 010 | @a7-5084-1769-0@dCNY 38.00 | |
| 035 | @a(110017)062002005233 | |
| 100 | @a20040107d2004 em y0chiy0110 ea | |
| 101 | 0 | @achi |
| 102 | @aCN@b110000 | |
| 105 | @ay z 000yy | |
| 200 | 1 | @aLotus Domino 6系统管理 下@ALotus Domino 6 xi tong guan li xia@9Lotus Domino 6 ji tong guan li@h下@f陈山等编著 |
| 210 | @a北京@c中国水利水电出版社@d2004.01 | |
| 215 | @a415页@d26cm | |
| 225 | 2 | @a万水Lotus Notes/Domino应用与开发丛书 |
| 330 | @a本书全面介绍了Lotus Domino 6的系统管理方法,主要内容包括:安全保护、Domino目录服务、Domino脱机服务、维护普通用户和移动用户、维护Notes客户等。 | |
| 461 | 0 | @12001 @a万水Lotus Notes/Domino应用与开发丛书 |
| 606 | 0 | @a网络服务器@x基本知识 |
| 606 | 0 | @a软件 |
| 610 | 0 | @aLotus Domino |
| 690 | @aTP368.5@v4 | |
| 690 | @aTP311.1@v3 | |
| 701 | 0 | @a陈山@9chen shan@4编著 |
| 801 | 0 | @aCN@b021001@c20050113 |
| 905 | @a10447@dTP311.1@eC565:2 | |
| Lotus Domino 6系统管理 下.下/陈山等编著.-北京:中国水利水电出版社,2004.01 |
| 415页;26cm.-(万水Lotus Notes/Domino应用与开发丛书) |
| ISBN 7-5084-1769-0:CNY 38.00 |
| 本书全面介绍了Lotus Domino 6的系统管理方法,主要内容包括:安全保护、Domino目录服务、Domino脱机服务、维护普通用户和移动用户、维护Notes客户等。 |
| ● |
| 相关链接 |
|
|
|
正题名:Lotus Domino 6系统管理 下
索取号:TP311.1/C565:2
 
预约/预借
| 序号 | 登录号 | 条形码 | 馆藏地/架位号 | 状态 | 备注 |
| 1 | 437103 | 204371036 | 自科库301/301自科库 47排3列1层/ [索取号:TP311.1/C565:2] | 在馆 | |
| 2 | 437104 | 204371045 | 自科库301/301自科库 44排3列3层/ [索取号:TP311.1/C565:2] | 在馆 | |
| 3 | 437105 | 204371054 | 自科库301/301自科库 44排3列3层/ [索取号:TP311.1/C565:2] | 在馆 |